Kompetencie lektora celoživotného vzdelávania z oblasti informačných a komunikačných technológií (IKT)

Bibliographic Details
Main Author: Babinský, Miroslav (Author)
Format: Article
Language:Slovak
Subjects:

MARC

LEADER 00000nab a2200000 a 4500
001 vtls010092562
003 SK-MaSNL
005 20260304184036.0
008 250708c2008 xo qr|p|||a |000 b|slo
015 |a SNBRB2010/05 
035 |a (uuid)ed160e8e-c988-4b69-a6fc-ae6a062077fa 
035 |a urn:nbn:sk:snk-abac8n 
035 |a (urnnbn)urn:nbn:sk:snk:ar-a0asz3 
038 |a SPK 
040 |a SNKBUCL  |b slo  |c SNKBUCL  |e AACR2 
041 0 |a slo  |b slo  |b eng 
044 |a xo  |c SK 
080 |a 37.0-022.324  |2 2001 
080 |a 37.011.3-051  |2 2001 
080 |a 331.546  |2 2001 
100 1 |a Babinský, Miroslav  |4 aut  |9 316736 
245 1 0 |a Kompetencie lektora celoživotného vzdelávania z oblasti informačných a komunikačných technológií (IKT)  |c Miroslav Babinský 
300 |b Tab. 
504 |a Bibliogr. odkazy 
546 |a Res. angl., slov. 
650 0 7 |a celoživotné vzdelávanie  |2 snkbucl  |9 28858 
650 0 7 |a lektori (vzdelávanie)  |2 snkbucl  |9 31766 
650 0 7 |a profesijné kompetencie  |2 snkbucl  |9 74959 
650 0 7 |a informačné technológie  |2 snkbucl  |9 1527 
650 0 7 |a medzinárodné normy a štandardy  |2 snkbucl  |9 74375 
650 0 7 |a Microsoft PowerPoint  |2 snkbucl  |9 66614 
650 0 7 |a prezentácie  |2 snkbucl  |9 353798 
773 0 |t Vzdelávanie dospelých  |g Roč. XIII, č. 3-4 (2008), s. 42-55  |x 1335-2350 
850 |a Slovenská národná knižnica 
852 |a Slovenská národná knižnica 
954 |a odborná, vedecká literatúra pôvodná (slovenská)  |2 lita 
958 |a article14 
958 |a NB 
958 |a OND 
958 |a EUIPO 
999 |c 3036607  |d 3038537